Vyrovnací podiel spoločníka v s. r. o. a problémy pri jeho výpočte
Problematika vyrovnacieho podielu v spoločnosti s ručením obmedzeným pri zániku účasti spoločníka v spoločnosti. Praktické príklady s tromi možnosťami: pri prvej možnosti boli všetky vklady splatené, pri druhej možnosti bolo navyšované základné imanie peňažnými vkladmi, ktoré zatiaľ nesplatil žiaden...
Na minha lista:
| Autor principal: | |
|---|---|
| Outros Autores: | |
| Formato: | Capítulo de Livro |
| Idioma: | eslovaco |
| Assuntos: | |
| Tags: |
Sem tags, seja o primeiro a adicionar uma tag!
|
MARC
| LEADER | 00000naa a2200000 4500 | ||
|---|---|---|---|
| 001 | 0141471 | ||
| 005 | 20231006072609.0 | ||
| 041 | 0 | |a slo | |
| 044 | |a SK | ||
| 245 | 1 | 0 | |a Vyrovnací podiel spoločníka v s. r. o. a problémy pri jeho výpočte |c Miroslav Jakubec, Peter Kardoš |
| 520 | |a Problematika vyrovnacieho podielu v spoločnosti s ručením obmedzeným pri zániku účasti spoločníka v spoločnosti. Praktické príklady s tromi možnosťami: pri prvej možnosti boli všetky vklady splatené, pri druhej možnosti bolo navyšované základné imanie peňažnými vkladmi, ktoré zatiaľ nesplatil žiaden zo spoločníkov a pri tretej možnosti bolo navyšované základné imanie, pričom celý vklad splatil jeden zo spoločníkov. | ||
| 610 | 2 | 0 | |a spoločnosti s r.o. |
| 610 | 2 | 0 | |a spoločníci |
| 610 | 2 | 0 | |a podiely obchodné |
| 610 | 2 | 0 | |a zákonník obchodný |
| 610 | 2 | 0 | |a imanie základné |
| 610 | 2 | 0 | |a majetok |
| 610 | 2 | 0 | |a pohľadávky |
| 610 | 2 | 0 | |a štruktúra kapitálová |
| 100 | 1 | |a Jakubec, Miroslav | |
| 700 | 1 | |a Kardoš, Peter | |